000 00507ntaaa2200193 4500
003 01
005 20251027203016.0
008 0714s1973 ag 01
040 _aAR-BaBN
_bspa
_cAR-BaBN
_eaacr
_dRIC
082 _a463.0000 Sa5
100 _aSantamaria, Francisco J
_931180
245 _aDiccionario general de americanismos
250 _a1 ed.
260 _aMéxico :
_bEditorial Pedro Robredo,
_c1942
300 _a3 tomos
650 _adiccionario
_97009
650 _aamericanismos
_931181
942 _cBK
999 _c25536
_d25536